| 000 | 00409nam a22001337a 4500 | ||
|---|---|---|---|
| 082 | _aCP-16 | ||
| 100 |
_aNadeem Anwar Qureshi, Maj Dr _950859 |
||
| 245 |
_aTransportation Engineering - I _bcourse pack, OD-8/CED-81 _cNadeem Anwar Qureshi, Maj Dr |
||
| 250 | _acourse pack | ||
| 260 |
_aMCE _bNadeem Anwar Qureshi, Maj Dr _c2014 |
||
| 526 |
_a0 _b0 _c0 _dCP_16 |
||
| 650 |
_acourse pack _950860 |
||
| 942 |
_2ddc _cBKB |
||
| 999 |
_c553586 _d553586 |
||